000 00238nam a2200085Ia 4500
008 220204s9999 xx 000 0 und d
100 _aBasu, B K
245 0 _aLectures on management accountancy: Priniciples, system and practice
942 _cBK
999 _c24468
_d24468